000 00306nam a22001217a 4500
008 230704b xxu||||| |||| 00| 0 eng d
082 _a340.094
_bDAV
100 _cClive Davies
245 _aGeneral Principles of Law
260 _aLondon
_bSweet & Maxwell Limited
_c1972
300 _a117p
942 _2ddc
_cBK
999 _c3649
_d3649